[Event "13. Lichtenberger Sommer"]
[Site "?"]
[Date "2014.08.18"]
[Round "3.1"]
[White "Stern, Rene"]
[Black "Lagunow, Raphael"]
[Result "1-0"]
[WhiteElo "2542"]
[BlackElo "2121"]
[PlyCount "99"]
[EventDate "2014.??.??"]
[WhiteTeam "SK König Tegel 1949 e.V."]
[BlackTeam "SK Zehlendorf e.V."]

1. d4 Nf6 2. c4 g6 3. Nc3 Bg7 4. e4 O-O 5. Nf3 d6 6. Be2 c5 7. d5 e6 8. O-O e5
9. Ne1 Ne8 10. Nd3 f5 11. f3 f4 12. Rb1 g5 13. b4 b6 14. Bd2 h5 15. Rb3 Ba6 16.
Nf2 Bc8 17. h3 Na6 18. a3 Rf6 19. Qc2 Rg6 20. Rfb1 Nf6 21. Qd1 Bf8 22. R3b2 Qd7
23. Na4 Qg7 24. bxc5 Nxc5 25. Nxc5 dxc5 26. Rb3 Bd7 27. Qf1 g4 28. fxg4 hxg4
29. hxg4 Nxg4 30. Nxg4 Bxg4 31. Bxg4 Rxg4 32. Rh3 Bd6 33. Qf3 Rf8 34. Be1 Rf6
35. Rb2 Rfg6 36. Rh5 Qd7 37. Qh3 Qg7 38. a4 R6g5 39. Rxg5 Qxg5 40. a5 Bc7 41.
axb6 Bxb6 42. d6 Qg7 43. Rd2 Rg6 44. d7 Bd8 45. Bh4 Qh6 46. Qf5 f3 47. Qxg6+
Qxg6 48. Bxd8 Qxe4 49. Bg5 f2+ 50. Rxf2 1-0

[Event "13. Lichtenberger Sommer"]
[Site "?"]
[Date "2014.08.18"]
[Round "3.2"]
[White "Rohde, Wolfgang"]
[Black "Braun, Arik"]
[Result "0-1"]
[WhiteElo "2162"]
[BlackElo "2544"]
[PlyCount "44"]
[EventDate "2014.??.??"]
[WhiteTeam "SC Friesen Lichtenberg e.V."]
[BlackTeam "SC Eppingen"]

1. Nf3 Nf6 2. d4 e6 3. g3 b5 4. Bg2 Bb7 5. O-O Be7 6. Re1 O-O 7. Nbd2 c5 8. a4
b4 9. e4 d5 10. exd5 Bxd5 11. Nf1 cxd4 12. Qxd4 Nc6 13. Qd1 Qc8 14. Be3 Rd8 15.
Qc1 Qb7 16. N1d2 Rac8 17. a5 Ng4 18. a6 Qa8 19. c4 bxc3 20. bxc3 Nce5 21. Nxe5
Nxe5 22. Bf1 Bh1 0-1

[Event "13. Lichtenberger Sommer"]
[Site "?"]
[Date "2014.08.18"]
[Round "3.3"]
[White "Kurayan, Ruslan"]
[Black "Simon, Ralf-Axel"]
[Result "1-0"]
[WhiteElo "2398"]
[BlackElo "2173"]
[PlyCount "74"]
[EventDate "2014.??.??"]
[WhiteTeam "Gouverment Chersonsk"]
[BlackTeam "TSG Neuruppin"]

1. e4 c5 2. Nf3 e6 3. d4 cxd4 4. Nxd4 Nc6 5. Nc3 Qc7 6. Be3 a6 7. Qd2 Nf6 8.
O-O-O Be7 9. f4 b5 10. Bd3 b4 11. Na4 Rb8 12. Kb1 O-O 13. Nb3 d6 14. h3 Nd8 15.
e5 Nd5 16. Be4 Nxe3 17. exd6 Bxd6 18. Qxd6 Qc4 19. Qxb8 Qxe4 20. Qxc8 Nc6 21.
Qd7 Qxc2+ 22. Ka1 Qxg2 23. Qd2 Qe4 24. Rc1 Rd8 25. Qe2 Ne7 26. Rhe1 N7d5 27.
Nb6 Qxf4 28. Nxd5 Nxd5 29. Qxa6 h5 30. Rc8 Rxc8 31. Qxc8+ Kh7 32. Qc2+ g6 33.
Qd3 Qf2 34. Rf1 Qa7 35. Qd4 Qe7 36. Nc5 f5 37. Re1 Qh4 1-0

[Event "13. Lichtenberger Sommer"]
[Site "?"]
[Date "2014.08.18"]
[Round "3.4"]
[White "Moreno Tejera, Emilio"]
[Black "Brümmel, Arend"]
[Result "1-0"]
[WhiteElo "2435"]
[BlackElo "2132"]
[PlyCount "79"]
[EventDate "2014.??.??"]
[WhiteTeam "Sfrd. Berlin 1903 e.V."]
[BlackTeam "Stader SV"]

1. e4 c5 2. Nc3 d6 3. Nf3 a6 4. d4 cxd4 5. Nxd4 e6 6. g4 Be7 7. Bg2 Nc6 8. Be3
Nxd4 9. Qxd4 e5 10. Qd1 Nf6 11. h3 Be6 12. Qd2 b5 13. a4 bxa4 14. Rxa4 O-O 15.
O-O Qb8 16. b3 Rc8 17. Nd5 Bxd5 18. exd5 Bd8 19. Rb4 Qc7 20. Rc4 Qd7 21. Rc6 e4
22. g5 Ne8 23. Bxe4 Qxh3 24. Ra1 f6 25. Qd3 g6 26. Bg2 Qd7 27. gxf6 Bxf6 28.
Raxa6 Rxa6 29. Qxa6 Rb8 30. Qa4 Be5 31. f4 Bf6 32. Rb6 Qc8 33. Rxb8 Qxb8 34.
Bh3 Kf8 35. Be6 Qc7 36. Qd7 Qxd7 37. Bxd7 Nc7 38. Bc6 Bc3 39. Kf2 Na6 40. Ke2
1-0

[Event "13. Lichtenberger Sommer"]
[Site "?"]
[Date "2014.08.18"]
[Round "3.5"]
[White "Stark, Ingo"]
[Black "Schild, Christoph"]
[Result "0-1"]
[WhiteElo "2134"]
[BlackElo "2390"]
[PlyCount "124"]
[EventDate "2014.??.??"]
[WhiteTeam "TSG Oberschöneweide e.V."]
[BlackTeam "SK Freiburg Zähringen 1887 e.V."]

1. e4 e6 2. d4 d5 3. Nc3 Nf6 4. Bg5 dxe4 5. Nxe4 Be7 6. Bxf6 gxf6 7. Nf3 b6 8.
Bb5+ c6 9. Bd3 Bb7 10. Qe2 Nd7 11. O-O-O Qc7 12. Kb1 O-O-O 13. Rhe1 Kb8 14. g3
h6 15. c4 Bb4 16. Nc3 f5 17. Bc2 Nf6 18. Qe5 Ng4 19. Qxc7+ Kxc7 20. Ne5 Nxe5
21. Rxe5 Rd7 22. c5 bxc5 23. dxc5 Bxc3 24. bxc3 Rhd8 25. Kc1 Rd5 26. f4 Ba6 27.
h3 Rxe5 28. fxe5 Rg8 29. Bd3 Bb5 30. c4 Ba6 31. Rg1 h5 32. Kd2 Kd7 33. Ke3 Ke7
34. Be2 h4 35. g4 f6 36. Kf4 fxe5+ 37. Kxe5 Rg5 38. Kd4 Kf6 39. Rf1 Rg8 40.
gxf5 exf5 41. Bd3 Bc8 42. Rf4 Rd8+ 43. Ke3 Kg5 44. Bf1 Re8+ 45. Kf3 Re1 46. Bg2
Rd1 47. Ke3 Bd7 48. Rf2 Re1+ 49. Kd4 f4 50. Bf1 Re3 51. Bg2 Re1 52. Bf1 Re3 53.
Bg2 Bxh3 54. Bxc6 Bc8 55. Be4 h3 56. c6 Kg4 57. Rb2 Kg3 58. Rb1 h2 59. a4 Rxe4+
60. Kxe4 f3 61. c7 f2 62. Ke3 Kg2 0-1

[Event "13. Lichtenberger Sommer"]
[Site "?"]
[Date "2014.08.18"]
[Round "3.6"]
[White "Von Herman, Ulf"]
[Black "Krefenstein, Sergej"]
[Result "1-0"]
[WhiteElo "2379"]
[BlackElo "2094"]
[PlyCount "35"]
[EventDate "2014.??.??"]
[WhiteTeam "SK König Tegel 1949 e.V."]
[BlackTeam "TuS Makkabi Berlin e.V."]

1. d4 Nf6 2. Nf3 g6 3. Nc3 Bg7 4. e4 d6 5. Be3 c6 6. Bd3 O-O 7. Qd2 Bg4 8. Ng5
h6 9. h3 hxg5 10. hxg4 Nxg4 11. Bxg5 Bxd4 12. Be2 Nxf2 13. Rh4 c5 14. Nb5 Bxb2
15. c3 Nxe4 16. Rxe4 Bxa1 17. Bxe7 Qd7 18. Qh6 1-0

[Event "13. Lichtenberger Sommer"]
[Site "?"]
[Date "2014.08.18"]
[Round "3.7"]
[White "Wecker, Martin"]
[Black "Muse, Drazen"]
[Result "0-1"]
[WhiteElo "2049"]
[BlackElo "2396"]
[PlyCount "78"]
[EventDate "2014.??.??"]
[WhiteTeam "Godesberger Schachklub 1929 e.V."]
[BlackTeam "SK König Tegel 1949 e.V."]

1. Nf3 Nf6 2. c4 g6 3. g3 Bg7 4. d4 O-O 5. Bg2 c6 6. Nc3 d6 7. O-O Qa5 8. e4 e5
9. h3 Be6 10. Qd3 Qb4 11. d5 cxd5 12. cxd5 Bd7 13. a3 Qb6 14. Be3 Qa6 15. Qd2
b5 16. Rfc1 Qb7 17. b4 Rc8 18. Bf1 Na6 19. Qd3 Nc7 20. Nd2 a5 21. Rcb1 a4 22.
Rc1 h5 23. Rc2 Nh7 24. Rac1 Rab8 25. Ne2 Ne8 26. f3 Bf6 27. Rxc8 Bxc8 28. Rc2
Bd7 29. Kh2 h4 30. g4 Bd8 31. f4 exf4 32. Bxf4 Bg5 33. Nf3 Bxf4+ 34. Nxf4 Rc8
35. Ne2 Rxc2 36. Qxc2 Qb6 37. Ned4 Ng5 38. Nxg5 Qxd4 39. Qd3 Qe5+ 0-1

[Event "13. Lichtenberger Sommer"]
[Site "?"]
[Date "2014.08.18"]
[Round "3.8"]
[White "Brüdigam, Martin"]
[Black "Flick, Antoine"]
[Result "1/2-1/2"]
[WhiteElo "2342"]
[BlackElo "2035"]
[PlyCount "37"]
[EventDate "2014.??.??"]
[WhiteTeam "SK König Tegel 1949 e.V."]
[BlackTeam "Philidor Mulhouse"]

1. e4 c5 2. Nf3 Nc6 3. d4 cxd4 4. Nxd4 e5 5. Nb5 d6 6. N1c3 a6 7. Na3 b5 8. Nd5
Nge7 9. c4 Nd4 10. Be3 Nxd5 11. exd5 Nf5 12. Bd2 e4 13. Qc2 Be7 14. Be2 O-O 15.
O-O Bf6 16. Bc3 Nd4 17. Bxd4 Bxd4 18. cxb5 Qf6 19. Rad1 1/2-1/2

[Event "13. Lichtenberger Sommer"]
[Site "?"]
[Date "2014.08.18"]
[Round "3.9"]
[White "Heuser, Philip"]
[Black "Glantz, Robert"]
[Result "0-1"]
[WhiteElo "2095"]
[BlackElo "2308"]
[PlyCount "56"]
[EventDate "2014.??.??"]
[WhiteTeam "Münchener SC 1836 e.V."]
[BlackTeam "SC Kreuzberg e.V."]

1. d4 Nf6 2. c4 e6 3. Nc3 Bb4 4. f3 c5 5. d5 O-O 6. e4 b5 7. a3 Ba5 8. b4 cxb4
9. Nxb5 exd5 10. exd5 Na6 11. Bd3 Nc5 12. axb4 Bxb4+ 13. Kf1 Re8 14. Ne2 Ng4
15. Rb1 Ne5 16. Bxh7+ Kxh7 17. Rxb4 Ned3 18. Rb1 Qh4 19. g3 Qxc4 20. Nc7 d6 21.
h4 Ba6 22. Nxa6 Nxa6 23. Qb3 Qxb3 24. Rxb3 Nac5 25. Rc3 Rab8 26. Nf4 Rb1 27.
Nxd3 Nxd3 28. Kg2 Re2+ 0-1

[Event "13. Lichtenberger Sommer"]
[Site "?"]
[Date "2014.08.18"]
[Round "3.10"]
[White "Fuchs, Heinz"]
[Black "Heerde, Thomas"]
[Result "1-0"]
[WhiteElo "2353"]
[BlackElo "2074"]
[PlyCount "85"]
[EventDate "2014.??.??"]
[WhiteTeam "SC Untergrombach 46"]
[BlackTeam "SC Weisse Dame e.V."]

1. c4 Nf6 2. Nc3 g6 3. e4 d6 4. d4 Bg7 5. Nf3 O-O 6. Be2 e5 7. O-O Nc6 8. d5
Ne7 9. Ne1 Ne8 10. Nd3 f5 11. f3 Kh8 12. Bd2 Ng8 13. a4 Bh6 14. a5 c5 15. dxc6
bxc6 16. Bxh6 Nxh6 17. Nxe5 Bb7 18. Nd3 Rb8 19. Qd2 Nf7 20. exf5 gxf5 21. Nf4
Qf6 22. Nh5 Qg6 23. Qd4+ Ne5 24. Nf4 Qg7 25. Qxa7 Nc7 26. Qf2 Ba6 27. Nh5 Qf7
28. f4 Ng4 29. Bxg4 fxg4 30. Ng3 Bxc4 31. Qd4+ Kg8 32. Rf2 d5 33. f5 h5 34. Qf4
Ne6 35. Qh6 Ng7 36. f6 Ne6 37. Nxh5 Bd3 38. Nf4 Bf5 39. Nxe6 Bxe6 40. Re1 Rbe8
41. Re5 Qh7 42. Rg5+ Kh8 43. Qg7+ 1-0

[Event "13. Lichtenberger Sommer"]
[Site "?"]
[Date "2014.08.18"]
[Round "3.11"]
[White "Schulz, Olaf"]
[Black "Heinig, Wolfram"]
[Result "0-1"]
[WhiteElo "2029"]
[BlackElo "2299"]
[PlyCount "68"]
[EventDate "2014.??.??"]
[WhiteTeam "SC Rotation Pankow e.V."]
[BlackTeam "SK Zehlendorf e.V."]

1. e4 c5 2. Nf3 e6 3. d4 cxd4 4. Nxd4 a6 5. Be2 Nf6 6. e5 Qa5+ 7. Bd2 Qxe5 8.
Bc3 Ne4 9. Qd3 Nxc3 10. Nxc3 Nc6 11. Nf3 Qc7 12. O-O-O Be7 13. h4 d5 14. g3 Bd7
15. Ng5 Ne5 16. Qe3 h6 17. Nf3 Nxf3 18. Bxf3 Bc5 19. Qe2 O-O-O 20. Rd3 Kb8 21.
Qd2 Bc6 22. Rd1 Rd7 23. Bg2 Rhd8 24. f4 Bb4 25. Kb1 d4 26. Bxc6 Qxc6 27. a3
dxc3 28. Rxd7 cxd2 29. Rxd8+ Kc7 30. Rd3 Ba5 31. b4 Bb6 32. R1xd2 g6 33. c4 Bg1
34. c5 e5 0-1

[Event "13. Lichtenberger Sommer"]
[Site "?"]
[Date "2014.08.18"]
[Round "3.12"]
[White "Vatter, Hans-Joachim"]
[Black "Hoffmann, Rainer"]
[Result "1-0"]
[WhiteElo "2278"]
[BlackElo "2064"]
[PlyCount "59"]
[EventDate "2014.??.??"]
[WhiteTeam "SC Untergrombach 46"]
[BlackTeam "BSC Rehberge 1945 e.V."]

1. e4 e5 2. Nf3 Nc6 3. Bb5 Nf6 4. d3 Bc5 5. O-O d6 6. c3 Bd7 7. Qe2 O-O 8. Bg5
h6 9. Bh4 Re8 10. Nbd2 a6 11. Ba4 Ba7 12. Kh1 Nb8 13. Bc2 Bg4 14. h3 Bc8 15. g4
Nbd7 16. d4 c6 17. dxe5 dxe5 18. Nc4 Qe7 19. Rad1 Bb8 20. Ne3 g6 21. Nc4 Bc7
22. Rg1 Qf8 23. b4 Qg7 24. Nd6 Bxd6 25. Rxd6 Nh7 26. Qe3 g5 27. Bg3 Re6 28.
Rxe6 fxe6 29. Bb3 Qe7 30. Nxe5 1-0

[Event "13. Lichtenberger Sommer"]
[Site "?"]
[Date "2014.08.18"]
[Round "3.13"]
[White "Rietze, Clemens"]
[Black "Hahlbohm, Matthias"]
[Result "1-0"]
[WhiteElo "2274"]
[BlackElo "2074"]
[PlyCount "127"]
[EventDate "2014.??.??"]
[WhiteTeam "USV Potsdam e.V., Abt. Schach"]
[BlackTeam "TSG Oberschöneweide e.V."]

1. d4 d5 2. c4 c6 3. Nf3 e6 4. Nc3 f5 5. Bf4 Bd6 6. Bxd6 Qxd6 7. e3 Nf6 8. Qc2
O-O 9. Bd3 Ne4 10. O-O Nd7 11. Bxe4 fxe4 12. Nd2 Nf6 13. f3 exf3 14. Nxf3 Qe7
15. Qe2 b6 16. e4 Ba6 17. exd5 cxd5 18. Rfe1 Rfe8 19. b3 Rac8 20. Nb5 Bxb5 21.
cxb5 Qb4 22. Rac1 Ne4 23. Qd3 Rc3 24. Rxc3 Qxc3 25. Qxc3 Nxc3 26. a4 Re7 27.
Ne5 Rc7 28. Nc6 Ne4 29. Rc1 Kf8 30. Rc2 Ke8 31. Kf1 Kd7 32. Ke2 Kd6 33. Kd3 Rf7
34. Ne5 Rc7 35. Nc6 Rf7 36. Nd8 Rc7 37. Rxc7 Kxc7 38. Nxe6+ Kd6 39. Nxg7 Nf2+
40. Ke2 Ne4 41. Nf5+ Ke6 42. Ne3 Nc3+ 43. Kd3 Ne4 44. Nc2 Kd6 45. Nb4 Nf2+ 46.
Ke2 Ne4 47. g4 Nf6 48. h3 Ne4 49. Ke3 Ng3 50. h4 Nf1+ 51. Ke2 Ng3+ 52. Kf2 Ne4+
53. Ke3 h6 54. Nd3 Ke6 55. Ne5 Nd6 56. Nc6 Nc8 57. Kf4 Kd6 58. Kf5 a6 59. Kg6
axb5 60. axb5 Ke6 61. Kxh6 Nd6 62. g5 Nxb5 63. g6 Nd6 64. g7 1-0

[Event "13. Lichtenberger Sommer"]
[Site "?"]
[Date "2014.08.18"]
[Round "3.14"]
[White "Schmidt, Markus"]
[Black "Siebarth, Raiko"]
[Result "1/2-1/2"]
[WhiteElo "2097"]
[BlackElo "2252"]
[PlyCount "91"]
[EventDate "2014.??.??"]
[WhiteTeam "SK Turm Bad Hersfeld"]
[BlackTeam "SG Blau-Weiß Stadtilm"]

1. e4 c5 2. Nc3 e6 3. Nge2 Nc6 4. g3 Nf6 5. Bg2 Be7 6. O-O O-O 7. d4 cxd4 8.
Nxd4 Nxd4 9. Qxd4 d6 10. h3 Bd7 11. a4 Bc6 12. Be3 a6 13. a5 Rc8 14. Rfd1 Nd7
15. Qd2 Qe8 16. f4 Kh8 17. g4 f5 18. exf5 exf5 19. g5 Nc5 20. Bxc5 dxc5 21. Nd5
Bd6 22. c4 Qh5 23. Qf2 Rfe8 24. Re1 Bxd5 25. cxd5 c4 26. Kh2 Qxg5 27. Rf1 Qh6
28. Kh1 Bc5 29. Qc2 Qh5 30. Rae1 Rf8 31. Re6 Bb4 32. Qa4 Bc5 33. Qxc4 Qf7 34.
Qe2 Qc7 35. Qe5 Qxa5 36. d6 Qb4 37. d7 Rcd8 38. Rd1 Qa4 39. Qd5 b6 40. Qd2 h6
41. Kh2 Kh7 42. Bc6 Qc4 43. Bd5 Qa4 44. Bc6 Qc4 45. Bd5 Qa4 46. Bc6 1/2-1/2

[Event "13. Lichtenberger Sommer"]
[Site "?"]
[Date "2014.08.18"]
[Round "3.15"]
[White "Tonndorf, Matthias"]
[Black "Amelang, Thomas"]
[Result "0-1"]
[WhiteElo "2263"]
[BlackElo "2109"]
[PlyCount "68"]
[EventDate "2014.??.??"]
[WhiteTeam "SV Caissa Wolfenbüttel"]
[BlackTeam "SK Siemens München"]

1. e4 g6 2. d4 Bg7 3. Nc3 d6 4. Be3 Nf6 5. f3 c6 6. a4 b6 7. Qd2 Ba6 8. Bxa6
Nxa6 9. Nge2 e5 10. O-O O-O 11. Rab1 c5 12. d5 Nc7 13. Nb5 a6 14. Nxc7 Qxc7 15.
b4 Nd7 16. Rfc1 f5 17. exf5 gxf5 18. c4 Rae8 19. Rb3 Qd8 20. Rcb1 f4 21. Bf2 e4
22. fxe4 Rxe4 23. Qd3 Qe8 24. Nc3 Re7 25. h3 Ne5 26. Qf1 Qg6 27. Na2 Qc2 28.
bxc5 bxc5 29. Bh4 Ref7 30. Nc1 f3 31. g4 f2+ 32. Kh2 Nf3+ 33. Rxf3 Rxf3 34. Ne2
Qxb1 0-1

[Event "13. Lichtenberger Sommer"]
[Site "?"]
[Date "2014.08.18"]
[Round "3.16"]
[White "Wörz, Markus"]
[Black "Lerch, Philipp"]
[Result "1/2-1/2"]
[WhiteElo "1949"]
[BlackElo "2241"]
[PlyCount "101"]
[EventDate "2014.??.??"]
[WhiteTeam "SC Kreuzberg e.V."]
[BlackTeam "SK König Tegel 1949 e.V."]

1. e4 Nf6 2. e5 Nd5 3. d4 d6 4. Nf3 dxe5 5. Nxe5 c6 6. Be2 Bf5 7. a3 Nd7 8. Nf3
e6 9. c4 N5f6 10. Nc3 Bd6 11. Bg5 Qc7 12. d5 exd5 13. cxd5 O-O 14. dxc6 bxc6
15. Rc1 a6 16. O-O Rfe8 17. h3 h6 18. Be3 Red8 19. b4 Nf8 20. Qb3 Ne6 21. Rfd1
Bf4 22. Na4 Nd5 23. Bxf4 Ndxf4 24. Bf1 Be4 25. Nc5 Bd5 26. Qe3 Re8 27. Nxe6
Rxe6 28. Qc3 Rg6 29. g3 Qe7 30. Qe5 Ne6 31. Nd4 Qb7 32. Nf5 Rf6 33. Ne3 Ng5 34.
Bg2 Nf3+ 35. Bxf3 Bxf3 36. Rd6 Qc7 37. Re6 Qxe5 38. Rxe5 Rd6 39. Nc4 Rd3 40.
Ra5 Rad8 41. Ne3 Ra8 42. Rf5 Bd5 43. Nxd5 cxd5 44. Rc7 f6 45. Rd7 Rxa3 46.
Rfxd5 Ra4 47. Rb7 Kh7 48. Rdd7 Rg8 49. Rb6 Ra8 50. Rbb7 Rg8 51. Rb6 1/2-1/2

[Event "13. Lichtenberger Sommer"]
[Site "?"]
[Date "2014.08.18"]
[Round "3.17"]
[White "Sieglen, Joachim"]
[Black "Leyrer, Thomas"]
[Result "1/2-1/2"]
[WhiteElo "2261"]
[BlackElo "1774"]
[PlyCount "158"]
[EventDate "2014.??.??"]
[WhiteTeam "SC Untergrombach 46"]
[BlackTeam "SV Königsjäger Süd-West e.V."]

1. d4 d5 2. c4 e6 3. Nf3 c6 4. g3 Nf6 5. Bg2 dxc4 6. O-O b5 7. Ne5 Bb7 8. a4 a6
9. b3 cxb3 10. Bb2 Be7 11. Nd2 O-O 12. Nxb3 Nfd7 13. Nd3 Ra7 14. Bc3 Ba8 15.
Ba5 Qe8 16. Qd2 Bd8 17. Bb4 Be7 18. Ba5 Bd8 19. Rfc1 Nb6 20. Bb4 Be7 21. Bc5
Bxc5 22. Nbxc5 Nc4 23. Qc3 Qe7 24. e3 Rc8 25. Nb2 Nb6 26. Qa5 Nd5 27. Nbd3 Qc7
28. Qd2 Qe7 29. Bxd5 cxd5 30. Nxa6 Rxc1+ 31. Rxc1 Qd8 32. axb5 Nxa6 33. bxa6
Rxa6 34. Qc3 Rc6 35. Nc5 h6 36. Ra1 Kh7 37. Ra7 Kg8 38. Qa3 Rc8 39. Kg2 Bc6 40.
Nd3 Ra8 41. Ne5 Rxa7 42. Qxa7 Be8 43. Qb7 Kf8 44. Nd3 Bd7 45. Nc5 Ke8 46. Qb1
Bc6 47. Qh7 Qf6 48. Qg8+ Ke7 49. Qb8 Be8 50. Qb4 Kd8 51. Na6 Bd7 52. Qd6 Qe7
53. Qc7+ Ke8 54. Nc5 Qd8 55. Qe5 Qf6 56. Qc7 Qd8 57. Qb7 Qe7 58. Kf1 Qd8 59.
Ke2 Bc8 60. Qc6+ Bd7 61. Qb7 Bc8 62. Qb1 Qe7 63. Qb5+ Bd7 64. Qb8+ Qd8 65.
Qxd8+ Kxd8 66. Kd2 Bb5 67. Kc3 Kc7 68. Kb4 Kb6 69. h4 Be2 70. Nd7+ Kc7 71. Nc5
Kb6 72. Na4+ Kc6 73. Ka5 Bb5 74. Nc3 Bd3 75. Na2 Bc4 76. Nb4+ Kb7 77. Nc2 Kc6
78. Ne1 Be2 79. Ng2 Bf1 1/2-1/2

[Event "13. Lichtenberger Sommer"]
[Site "?"]
[Date "2014.08.18"]
[Round "3.18"]
[White "Kutschke, Jens"]
[Black "Reichenbach, Werner"]
[Result "0-1"]
[WhiteElo "2014"]
[BlackElo "2258"]
[PlyCount "54"]
[EventDate "2014.??.??"]
[WhiteTeam "Sfrd. Berlin 1903 e.V."]
[BlackTeam "SK Zehlendorf e.V."]

1. e4 g6 2. d4 Bg7 3. Be3 d6 4. Nc3 c6 5. Qd2 b5 6. Bd3 Nd7 7. f4 a6 8. Nf3 c5
9. O-O-O c4 10. Bf1 e6 11. e5 d5 12. g4 h5 13. f5 hxg4 14. fxe6 gxf3 15. exf7+
Kxf7 16. Bg5 Qxg5 17. Qxg5 Bh6 18. Qxh6 Nxh6 19. Nxd5 Nf8 20. Nb6 Rb8 21. Nxc8
Rxc8 22. Bh3 Nf5 23. Bxf5 gxf5 24. h4 Ng6 25. h5 Nf4 26. Rdf1 Ne2+ 27. Kd2 Ng3
0-1

[Event "13. Lichtenberger Sommer"]
[Site "?"]
[Date "2014.08.18"]
[Round "3.19"]
[White "Püschel, Werner"]
[Black "Kalinitschew, Sergey"]
[Result "0-1"]
[WhiteElo "2093"]
[BlackElo "2409"]
[PlyCount "34"]
[EventDate "2014.??.??"]
[WhiteTeam "SG Lasker Steglitz-Wilmersdorf"]
[BlackTeam "SC Kreuzberg e.V."]

1. e4 c5 2. Nf3 g6 3. d4 Bg7 4. dxc5 Qa5+ 5. c3 Qxc5 6. Be3 Qc7 7. Bd3 Nc6 8.
O-O Nf6 9. h3 O-O 10. Nbd2 d5 11. Qc2 dxe4 12. Nxe4 Nd5 13. Bg5 Bf5 14. Ng3
Ncb4 15. cxb4 Qxc2 16. Bxc2 Bxc2 17. Rac1 Rac8 0-1

[Event "13. Lichtenberger Sommer"]
[Site "?"]
[Date "2014.08.18"]
[Round "3.20"]
[White "Badestein, Hartmut"]
[Black "Meister, Jakob"]
[Result "0-1"]
[WhiteElo "2066"]
[BlackElo "2466"]
[PlyCount "158"]
[EventDate "2014.??.??"]
[WhiteTeam "SC Friesen Lichtenberg e.V."]
[BlackTeam "SK Zehlendorf e.V."]

1. e4 e5 2. Nf3 Nc6 3. Bb5 a6 4. Ba4 b5 5. Bb3 Nf6 6. Qe2 Bc5 7. a4 Rb8 8. axb5
axb5 9. d3 d6 10. Be3 Bxe3 11. fxe3 Be6 12. Bxe6 fxe6 13. O-O O-O 14. Nbd2 d5
15. Ra6 Qe8 16. Rfa1 d4 17. c3 dxc3 18. bxc3 Rb7 19. Nb3 Nb8 20. R6a3 Nbd7 21.
Ra6 Nb8 22. R6a3 Nfd7 23. d4 Qg6 24. Nbd2 c6 25. Rb3 exd4 26. exd4 e5 27. Rb2
exd4 28. cxd4 Nf6 29. Ne5 Qe8 30. Ndf3 Re7 31. Ra8 Qh5 32. Qd3 Nfd7 33. Qb3+
Kh8 34. Nxd7 Nxd7 35. Rxf8+ Nxf8 36. Qd3 Ne6 37. Ra2 Re8 38. Ra7 Rf8 39. Qa3
Re8 40. Ra8 h6 41. Rxe8+ Qxe8 42. Qd6 Kh7 43. h3 Qc8 44. e5 Nf4 45. Kh2 Qe8 46.
Kg3 Nd5 47. Kf2 b4 48. e6 Qa8 49. Qe5 Qf8 50. Qe4+ Kg8 51. Ke1 b3 52. e7 Qxe7
53. Qxe7 Nxe7 54. Kd2 Nd5 55. Ne5 Ne3 56. Kc3 Nxg2 57. Kxb3 Nf4 58. Nxc6 g5 59.
Kc4 Nxh3 60. d5 Kf7 61. Kd4 Nf4 62. Ke5 Ng6+ 63. Ke4 Kf6 64. d6 Nf8 65. Ne7 h5
66. Nf5 Nd7 67. Ng3 h4 68. Nf5 Nc5+ 69. Kd5 Kxf5 70. Kxc5 Ke6 71. Kc6 h3 72. d7
h2 73. d8=Q h1=Q+ 74. Kc5 Qc1+ 75. Kb4 Qf4+ 76. Kb3 Kf5 77. Qc8+ Ke4 78. Qc6+
Ke3 79. Qc5+ Kf3 0-1